| 000 | 01115cam a2200241 4500 | ||
|---|---|---|---|
| 001 | J116260. | ||
| 008 | 020111n2001 000 0 eng u | ||
| 035 | _a(Sirsi) u116260 | ||
| 050 | _a698.2 | ||
| 110 |
_aJoint Contracts Tribunal _93664 |
||
| 240 | _aStandard form of agreement for collateral warranty SCWa/F for use where a warranty is to be given to a company providing finance (funder) for the proposed building works by a sub-contractor | ||
| 245 | _aForm of agreement for collateral warranty for funding institutions by a sub-contractor : SCWa/F | ||
| 260 |
_aLondon _bRIBA _c2001 |
||
| 300 |
_a8p. _c30cm. |
||
| 350 | _a16 | ||
| 490 |
_aJCT Standard Form of Agreement for Collateral Warranty 2001 Edition _vSCWa/F (Funder) |
||
| 650 | _aBUILT ENVIRONMENT-BUILDING CONTRACT FORMS-CONSTRUCTION COLLATERAL WARRANTY FORMS | ||
| 650 | _aBUILT ENVIRONMENT-BUILDING CONTRACT FORMS | ||
| 650 | _aBUILT ENVIRONMENT-BUILDING CONTRACT FORMS-STANDARD FORMS OF BUILDING CONTRACT-JOINT CONTRACTS TRIBNUAL CONTRACTS | ||
| 650 | _aSCWA/F | ||
| 690 | _aBUILT ENVIRONMENT-BUILDING CONTRACT FORMS | ||
| 942 | _n0 | ||
| 999 |
_c101843 _d101843 |
||